[Event "CAT-chT Honor Division 2019"]
[Site "Catalonia"]
[Date "2019.01.19"]
[Round "1"]
[White "Hernando Rodrigo, Julio Antonio"]
[Black "Gutierrez Clares, Joaquim"]
[Result "1-0"]
[WhiteElo "2308"]
[BlackElo "2250"]
[Annotator "TA"]
[PlyCount "67"]
[EventDate "2019.01.16"]
[EventType "team-tourn"]
[EventCountry "ESP"]
[SourceTitle "playchess.com"]
[Source "ChessBase"]
[SourceQuality "1"]

{[%evp 16,67,39,33,35,36,42,35,71,48,62,44,25,36,52,33,38,43,32,32,35,39,37,45,43,53,135,135,662,631,629,262,271,263,265,258,245,224,218,216,455,427,448,438,471,471,487,448,576,593,543,533,636,591]} 1. d4 Nf6 2. c4 g6 3. Nc3 Bg7 4. e4 d6 5. Nf3 O-O 6. h3 Nc6 7. d5 Nb4 {E90: King's Indian: Classical: Early deviations and 6 h3} 8. a3 Na6 9. Bd3 {LiveBook: 3 Games} Nc5 {White is slightly better.} 10. Bc2 a5 11. O-O e6 12. Re1 Re8 13. Be3 $146 ({Predecessor:} 13. Rb1 Nfd7 14. Bg5 Bf6 15. Bxf6 Nxf6 {½-½ (73) Kovalenko,I (2626)-Maze,S (2615) Orsay 2018}) 13... exd5 14. exd5 Bd7 15. Qd2 Nfe4 16. Nxe4 Nxe4 17. Bxe4 Rxe4 18. Bd4 $36 {[%mdl 2048] White is pushing.} Rxe1+ 19. Rxe1 Bxd4 20. Qxd4 Qf8 {[#]} ({Better is} 20... b6 $14) 21. Ng5 $1 $16 f5 $2 {[%mdl 8192] [#]} (21... f6 $16) 22. Nxh7 $1 $18 {[%mdl 512]} Qd8 (22... Kxh7 23. Qh4+) 23. Qf6 (23. Nf6+ $142 Kf7 24. Nxd7) 23... Qxf6 24. Nxf6+ Kf7 25. Nxd7 {[%mdl 4096] Endgame KRN-KR} Rd8 26. Ne5+ dxe5 27. Rxe5 {KR-KR} c6 $2 (27... b5 28. c5 (28. cxb5 a4 $18) 28... f4) 28. dxc6 {White is clearly winning.} bxc6 29. Rxa5 Rd1+ 30. Kh2 Rd2 31. b4 Rxf2 32. Rc5 Ra2 33. Rxc6 Rxa3 34. h4 {Precision: White = 67%, Black = 35%.} 1-0

[Event "CAT-chT Honor Division 2019"]
[Site "Catalonia"]
[Date "2019.01.19"]
[Round "1"]
[White "Ramirez Garcia, Jorge Alberto"]
[Black "Campins Machado, Francesc"]
[Result "1-0"]
[WhiteElo "2291"]
[BlackElo "2109"]
[Annotator "TA RC"]
[PlyCount "65"]
[EventDate "2019.01.16"]
[EventType "team-tourn"]
[EventCountry "ESP"]
[SourceTitle "playchess.com"]
[Source "ChessBase"]
[SourceQuality "1"]

{[%evp 24,65,37,10,78,32,50,35,77,77,103,84,109,102,80,89,150,160,163,165,164,157,170,156,156,158,144,143,173,168,154,151,356,323,364,364,368,364,625,743,779,698,656,659]} 1. e4 c5 2. Nf3 e6 3. c3 d5 4. exd5 Qxd5 5. d4 Nf6 6. Be2 Nc6 7. O-O cxd4 8. cxd4 Be7 9. Nc3 Qd8 10. Be3 O-O 11. Ne5 Nb4 12. Rc1 Nbd5 13. Bf3 {LiveBook: 4 Games. B22: Sicilian: 2 c3} Qa5 (13... Nxe3 $11 {remains equal.} 14. fxe3 Nd5) (13... Nxe3 14. fxe3 Rb8 15. Qb3 Nd7 16. Nd3 Qa5 17. a4 Qg5 18. Rce1 Qh6 19. e4 e5 20. Nd5 Bd6 {0-1 (36) Shyam,N (2482)-Shimanov,A (2549) Moscow 2012}) 14. Qd2 $146 {Nxd5 is the strong threat.} ({Predecessor:} 14. Qb3 Qb4 15. Qc2 Qa5 16. Qb3 Qb4 17. Qc2 {½-½ (17) Weber,R (1905)-Fuhs,J (2081) Goch 2000}) 14... Nxc3 15. bxc3 {White is slightly better.} ({Don't play} 15. Rxc3 Bb4 $15) 15... Rd8 16. Rfd1 Nd5 17. c4 Bb4 18. Qc2 $36 {[%mdl 2048] Keeping Black busy.} Nxe3 19. fxe3 Bd7 (19... f6 $142) 20. Bxb7 $16 Ba4 21. Qf2 f6 {[#]} 22. Nc6 $1 {[%cal Rc6a5]} Bxc6 23. Bxc6 Rab8 24. Be4 Ba3 25. Rc2 Bd6 26. Qh4 f5 27. Bd3 {Strongly threatening c5.} Rd7 $2 (27... Bf8 $16 28. c5 Kh8) 28. c5 $18 {[%cal Bc4c5,Bc5c6,Bc6c7][%mdl 32]} Be7 29. Qf4 Rf8 30. Qe5 Rf6 $2 (30... Kh8 31. Qxe6 Qd8 32. Bxf5 Rc7) 31. c6 {[%mdl 64] [#] Discovered Attack. White is clearly winning.} Rd5 32. Qb8+ Rf8 33. c7 {Accuracy: White = 74%, Black = 22%.} 1-0

[Event "CAT-chT Honor Division 2019"]
[Site "Catalonia"]
[Date "2019.01.19"]
[Round "1"]
[White "Montell Lorenzo, Joan Carlos"]
[Black "Fernandez Diaz, Cristian"]
[Result "0-1"]
[WhiteElo "2267"]
[BlackElo "2224"]
[Annotator "TA"]
[PlyCount "82"]
[EventDate "2019.01.16"]
[EventType "team-tourn"]
[EventCountry "ESP"]
[SourceTitle "playchess.com"]
[Source "ChessBase"]
[SourceQuality "1"]

{[%evp 15,82,9,13,4,2,0,-6,2,66,-72,-63,-62,-51,-52,-31,-51,-79,-46,-45,-75,-10,-89,-72,-93,-89,-97,-112,-99,-102,-129,-120,-279,-274,-334,-316,-880,-852,-932,-741,-731,-739,-743,-739,-732,-731,-722,-715,-657,-632,-689,-672,-872,-868,-1544,-787,-29972,-2137,-29964,-29968,-29966,-6093,-29961,-6079,-29974,-29972,-29989,-29987,-29990,-29991]} 1. e4 d6 2. Nc3 Nf6 3. g3 g6 4. Nge2 Bg7 5. Bg2 Bf8 6. Bf1 Bg7 7. Bg2 O-O 8. O-O {B06: Modern Defence} e5 {LiveBook: 17 Games} 9. f4 (9. d4 Nc6 10. dxe5 dxe5 11. Be3 Be6 12. Nd5 Nd7 13. Qd2 Nb6 14. b3 f5 15. c4 Rf7 16. Rad1 Qf8 17. f3 Rd8 18. Qc1 Rdd7 {1-0 (36) Mamedov,R (2659)-Yudin,S (2546) Dubai 2014}) 9... c6 10. h3 {The position is equal.} d5 11. exd5 exf4 $146 ({Black should play} 11... e4 $11) ({Predecessor:} 11... Nxd5 12. fxe5 Nxc3 13. bxc3 Bxe5 14. d4 {½-½ (45) Franke,J (2330)-Cuijpers,F (2510) Germany 2006}) 12. dxc6 (12. Nxf4 $14 {stays ahead.} cxd5 13. Ncxd5 (13. Nfxd5 Nxd5 14. Nxd5 Bxh3 $14)) 12... fxg3 $1 $17 13. cxb7 Bxb7 14. Bxb7 Qb6+ 15. d4 Qxb7 16. Nxg3 Nc6 17. Nce2 Rfe8 (17... Qd7 $1 $17 18. Kh2 Rae8) 18. Qd3 (18. c3 $11) 18... h5 {[%mdl 1024] Black has strong compensation.} 19. c3 Rad8 20. Bg5 Ne5 $1 {[%cal Re5d3]} 21. Qe3 {[#]} Nd5 $1 {[%cal Rd5e3]} 22. Qf2 {[#]} f6 $1 {[%cal Rf6g5]} 23. dxe5 $2 ({Much weaker is} 23. Bxf6 Bxf6 24. dxe5 Rxe5 $15) (23. Bf4 $17 {might work better.} Nd3 24. Qf3) 23... fxg5 $19 24. Nd4 Nf4 ({Weaker is} 24... Bxe5 25. Qf3 $19) 25. Qh2 $2 (25. Qf3 Qxb2 26. Ne4) 25... Bxe5 {White must now prevent ...Rxd4.} 26. Rae1 Rxd4 27. Rxe5 Rxe5 28. cxd4 Re3 {Threatens to win with ...h4.} 29. Rxf4 gxf4 {[%mdl 4096] Endgame KQR-KQN} 30. Nf1 Re4 31. Qg2 Re7 32. d5 Kh7 33. b3 Re5 34. Qd2 Qxd5 35. Qxf4 Rf5 (35... Qc5+ $142 36. Kh1 Qd5+ 37. Kg1 Qc5+ 38. Kh1 Rf5 39. Qc4 Qxc4 40. bxc4 Rxf1+ 41. Kg2 Rc1 42. Kf2 Rxc4 43. Ke3 Rc3+ 44. Ke4 Rxh3 45. Kd5 h4 46. Kc4 Rg3 47. Kd4 h3 48. Ke5 h2 49. Kd4 h1=Q 50. a3 Rxa3 51. Kc4 Qc6+ 52. Kd4 Qb5 53. Ke4 Rd3 54. Kf4 Qf5#) 36. Qc7+ Rf7 37. Qc1 Qd4+ (37... Qf3 $142 38. Qe1 Qxh3 39. Nh2 Qd3 40. Nf1 Rf3 41. Kg2 Qd5 42. Kh2 Qd4 43. Kh1 Qf4 44. Kg2 Qg4+ 45. Ng3 h4 46. Qe7+ Kh6 47. Qxh4+ Qxh4 48. Kxf3 Qf6+ 49. Ke3 Qc3+ 50. Kf2 Qd2+ 51. Ne2 Qxa2 52. b4 Qf7+ 53. Ke3 g5 54. Ke4 g4 55. Nd4 Qb7+ 56. Kd3 Qxb4 57. Ke3 Qc3+ 58. Ke4 Kg6 59. Kd5 Qd3 60. Kc5 g3 61. Nc6 Qe3+ 62. Kd6 g2 63. Ne7+ Kf7 64. Nd5 Qe6+ 65. Kc7 g1=Q 66. Kb8 Qxd5 67. Kc7 Qb6+ 68. Kc8 Qf5#) 38. Kh1 Qd3 (38... Qf2 $142 39. Ne3 Rf3 40. Qc7+ Kh6 41. Qc8 Rxe3 42. Qh8+ Kg5 43. Qd8+ Kf4 44. Qd6+ Kf3 45. Qf8+ Ke2 46. Qc8 Kd1 47. Qd8+ Kc2 48. Qc7+ Kb1 49. Qh2 Qf1+ 50. Qg1 Rxh3#) 39. Kg1 Qxh3 {Black mates.} 40. Nh2 Qg3+ 41. Kh1 Rf2 {Precision: White = 23%, Black = 66%.} 0-1

[Event "CAT-chT Honor Division 2019"]
[Site "Catalonia"]
[Date "2019.01.19"]
[Round "1"]
[White "Castrillon Gomez, Melissa"]
[Black "Grafl, Florian"]
[Result "1/2-1/2"]
[WhiteElo "2244"]
[BlackElo "2340"]
[Annotator "TA"]
[PlyCount "56"]
[EventDate "2019.01.16"]
[EventType "team-tourn"]
[EventCountry "ESP"]
[SourceTitle "playchess.com"]
[Source "ChessBase"]
[SourceQuality "1"]

{[%evp 19,56,0,0,-97,-93,-108,-102,-90,-98,-111,-114,-106,0,0,0,0,0,0,0,-114,-116,-116,-93,-82,0,0,0,0,0,0,0,0,0,0,0,0,0,0,0]} 1. e4 Nc6 2. Nf3 d5 3. exd5 Qxd5 4. d4 Bg4 5. Be2 O-O-O 6. c4 Qf5 {B01: Scandinavian Defence} (6... Qh5 7. Be3 e5 8. d5 e4 9. Nd4 Ne5 10. Bxg4+ Nxg4 11. h3 N8f6 12. Nc3 Nxe3 13. fxe3 Qh4+ 14. Kd2 Bc5 {1-0 (68) Tomashevsky,E (2728)-Fressinet,L (2700) Huaian 2016}) 7. Be3 Bxf3 8. Bxf3 Nxd4 9. Bxd4 Qe6+ 10. Be2 c5 {LiveBook: 5 Games} 11. Nc3 (11. Qa4 $11 cxd4 12. Qxa7) 11... cxd4 $17 12. Nd5 Qd6 {Threatens to win with ...e6.} 13. Qxd4 e6 {[%cal Be7e6,Be6d5][%mdl 32]} 14. Qxa7 exd5 15. c5 $146 Qe6 ({Black should play} 15... Qd7 $17 {White must now prevent ...Ne7.} 16. O-O (16. Qa8+ $2 Kc7 $19) 16... Ne7) 16. O-O Qxe2 17. Qa8+ $1 Kc7 18. Qa5+ Kd7 19. Rfe1 (19. Qa4+ $1 $11 {was the only way to keep the balance.} Kc7 20. Qa5+ Kd7 21. Qa4+ Kc8 22. Qa8+ Kc7 23. Qa5+) 19... Qa6 {[#]} 20. c6+ $1 {[%mdl 576] Discovered Attack} Qxc6 21. Rac1 Bd6 (21... Rc8 $17 22. Rxc6 bxc6) 22. Rxc6 $11 {The position is equal.} bxc6 23. Qa7+ Bc7 {[#] ...Nh6 is the strong threat.} 24. Qc5 Rc8 25. b4 {And now b5 would win.} Bd6 26. Qa7+ $1 Rc7 27. Qb8 {[%csl Ge1][%cal Rb8e8]} Rc8 28. Qb7+ Rc7 1/2-1/2

[Event "CAT-chT Honor Division 2019"]
[Site "Catalonia"]
[Date "2019.01.19"]
[Round "1"]
[White "Midonet, Matthieu"]
[Black "Montilla Carrillo, Esteban"]
[Result "0-1"]
[WhiteElo "2197"]
[BlackElo "2177"]
[Annotator "TA"]
[PlyCount "126"]
[EventDate "2019.01.16"]
[EventType "team-tourn"]
[EventCountry "ESP"]
[SourceTitle "playchess.com"]
[Source "ChessBase"]
[SourceQuality "1"]

{[%evp 25,126,-15,-15,-15,-18,-28,7,0,10,0,27,25,27,33,33,17,18,29,37,0,0,0,12,12,23,34,52,40,52,45,93,92,109,89,92,104,105,91,101,89,96,87,153,102,135,150,180,187,184,184,170,165,146,115,164,141,250,45,35,-58,-66,-201,0,0,93,0,0,-672,-668,-647,-647,-647,-640,-613,-552,-548,-454,-467,-429,-520,-381,-548,-519,-490,-490,-523,-508,-5604,-5597,-5597,-5590,-5583,-5583,-5575,-5575,-5575,-5136,-5575,-5227,-5122,-5089,-4132,-827]} 1. e4 c5 2. Nf3 d6 3. d4 cxd4 4. Qxd4 Nc6 5. Bb5 Bd7 6. Bxc6 Bxc6 7. Nc3 Nf6 8. Bg5 e6 9. O-O-O Be7 10. Rhe1 O-O 11. Qd2 Qc7 12. Nd4 Rfd8 13. f4 h6 {LiveBook: 5 Games. B53: Sicilian: 2...d6: Lines with Qxd4} 14. h4 b5 {[#]} 15. a3 $146 ({Predecessor:} 15. Re3 b4 16. Bxf6 Bxf6 17. Nce2 a5 18. Rh1 h5 19. g4 hxg4 20. Rg1 Bd7 21. Rxg4 {0-1 (36) Jussupow,A (2575)-Psakhis,L (2500) Moscow 1981}) 15... a5 {Black has an edge.} 16. Ndxb5 Bxb5 17. Nxb5 Qc4 18. Bxf6 $1 Bxf6 19. Qd3 $1 {[%cal Rd3c4]} Qa2 20. Qb3 Qxb3 21. cxb3 Bxh4 22. Rf1 Ra6 23. Rf3 Rb6 24. a4 Be7 25. Rc3 d5 26. Kb1 Bb4 27. Rcd3 Re8 28. exd5 exd5 29. Nc7 ({Much weaker is} 29. Rxd5 $6 Rg6 $11) 29... Re2 30. Nxd5 Rg6 31. Nxb4 axb4 $16 {[%mdl 4096] Endgame KRR-KRR} 32. g3 Rg2 33. Rd4 Re6 {[#]} (33... Rb6 $142) 34. R1d2 ({Don't do} 34. Rxb4 $6 Ree2 $14) ({Better is} 34. Ka2 $1) 34... Re1+ 35. Kc2 $1 Rgg1 36. Rxb4 Rc1+ 37. Kd3 Rxg3+ 38. Kd4 Rf3 39. Kd5 Ra1 40. Kc5 g5 (40... h5 $16 41. Kb6 Re3) 41. Kb6 $2 ({Only move:} 41. fxg5 $18 Rf5+ 42. Kb6) 41... g4 $14 42. f5 ({White should play} 42. a5 $14 g3 43. Rg2) 42... h5 $15 {[%mdl 1024] Black has compensation.} 43. a5 (43. Rg2 $1 $15) 43... g3 $2 ({Black should try} 43... Rxf5 $19 44. Ra4 Rf6+ 45. Kb5 Rf5+ 46. Kb6 Rf6+ 47. Kb5 Rf5+ 48. Kb6) 44. Rg2 $11 {Black should prevent a6.} h4 (44... Kg7 $11 {keeps the balance.}) 45. Rg4+ (45. Rxh4 $16 Rxb3+ 46. Ka6) 45... Kf8 {[#] Threatens to win with ...Rf2.} 46. b4 $2 {[%mdl 8192]} (46. Rxh4 $11 Rxb3+ 47. Ka6) 46... Rf2 $19 47. R2xg3 hxg3 48. Rxg3 Rxb2 49. Rg4 Ra4 50. Kb5 Rba2 51. f6 R4a3 52. Rc4 {[%cal Rc4c8]} Ke8 53. Rc7 (53. Re4+ {is the only way for White.} Kd8 54. Re7) 53... Ra1 {Black is clearly winning.} 54. Re7+ Kf8 55. Ra7 {[%cal Ra7a8]} Kg8 56. Kb6 (56. Ra6 $142 Kh7 57. Rd6) 56... Rb3 57. Kc5 Rc1+ 58. Kb5 Rcb1 59. a6 Rxb4+ 60. Kc5 Rb5+ 61. Kc4 R1b4+ 62. Kc3 Ra4 63. Rb7 Rc5+ {Accuracy: White = 41%, Black = 42%.} 0-1

[Event "CAT-chT Honor Division 2019"]
[Site "Catalonia"]
[Date "2019.01.19"]
[Round "1"]
[White "Morros Faura, Ricard"]
[Black "Plasencia Martinez, Victor"]
[Result "1-0"]
[WhiteElo "2189"]
[BlackElo "2177"]
[Annotator "TA"]
[PlyCount "57"]
[EventDate "2019.01.16"]
[EventType "team-tourn"]
[EventCountry "ESP"]
[SourceTitle "playchess.com"]
[Source "ChessBase"]
[SourceQuality "1"]

{[%evp 16,57,-41,-66,0,0,9,2,6,19,10,6,7,0,0,0,111,57,69,42,45,0,0,0,6,9,43,48,116,91,181,170,536,536,529,528,503,506,711,698,1010,979,1035,874]} 1. e4 e5 2. Nf3 Nc6 3. d4 exd4 4. Nxd4 Nf6 5. Nxc6 bxc6 6. Bd3 d5 7. e5 Ng4 8. O-O Bc5 9. Bf4 {LiveBook: 20 Games} O-O {C45: Scotch Game} ({Black should play} 9... g5 $15 10. Bg3 h5) (9... g5 10. Bd2 O-O 11. Nc3 Nxe5 12. Qh5 Nxd3 13. cxd3 f6 14. Rac1 Bf5 15. Rfe1 Bxd3 16. Qh3 Bg6 17. Qe6+ {½-½ (57) Vachier Lagrave,M (2789)-Anand,V (2759) Paris 2018}) 10. h3 $11 Nxf2 {[%mdl 64] Decoy} 11. Rxf2 Bxf2+ {The position is equal.} 12. Kxf2 Qh4+ {[%mdl 64] Double Attack} 13. Bg3 Qd4+ 14. Kf1 {Strongly threatening Bxh7+!} Qxb2 15. Nd2 f5 $146 (15... c5 $11) ({Predecessor:} 15... f6 16. Nf3 fxe5 17. Rb1 Qxa2 18. Bxe5 {1-0 (32) Mejzr,J (1798)-Nytra,O (1452) Ostrava 2014}) 16. Rb1 $36 {[%mdl 2048] White is pushing.} (16. Nf3 $16) 16... Qxa2 $14 17. Nb3 Ba6 18. Bxa6 Qxa6+ 19. Kg1 Qc4 20. Bf2 a5 {And now ...a4 would win.} 21. Bd4 {[%mdl 1024] White has compensation.} Rfb8 {[#]} (21... a4 $14 22. Nc5 f4) 22. Ra1 $1 $16 ({Stronger than} 22. e6 {[#]} c5 $1 $15 {[%mdl 512]}) 22... a4 (22... Rb5 $16 {is a better defense.}) 23. Nc5 $18 Ra5 $2 (23... a3) 24. c3 {White is clearly winning.} Rxc5 25. Qh5 g6 26. Qh6 Re8 27. e6 {[%csl Gd4][%cal Rh6g7]} Re7 28. Re1 Rb5 29. Qg5 {Accuracy: White = 85%, Black = 27%.} 1-0

[Event "CAT-chT Honor Division 2019"]
[Site "Catalonia"]
[Date "2019.01.19"]
[Round "1"]
[White "Avila Jimenez, Xavier"]
[Black "Barcelo Sola, David"]
[Result "1-0"]
[WhiteElo "2159"]
[BlackElo "1991"]
[Annotator "TA"]
[PlyCount "57"]
[EventDate "2019.01.16"]
[EventType "team-tourn"]
[EventCountry "ESP"]
[SourceTitle "playchess.com"]
[Source "ChessBase"]
[SourceQuality "1"]

{[%evp 26,57,50,24,68,22,64,41,76,43,158,91,169,75,68,85,149,120,272,264,342,178,280,286,292,283,311,275,436,368,1083,1078,1067,598]} 1. d4 d5 2. c4 e6 3. Nc3 Nf6 4. cxd5 exd5 5. Bg5 Be7 6. e3 c6 7. Qc2 h6 8. Bh4 O-O 9. Bd3 Re8 10. Nge2 Ne4 11. Bxe7 Qxe7 12. Bxe4 dxe4 13. Ng3 f5 {D36: Queen's Gambit Declined: Exchange Variation: Main line (5 Bg5 c6 6 Qc2)} 14. O-O {LiveBook: 19 Games} Qg5 15. Qb3+ (15. Rae1 h5 16. Qb3+ Be6 17. Qxb7 Nd7 18. Nge2 Nf6 19. b3 h4 20. Nf4 Bf7 21. Rc1 {1-0 (31) Kuzubov,Y (2640)-Hayrapetyan,H (2489) Al Ain 2015}) 15... Kh8 $146 {The position is equal.} ({Predecessor:} 15... Kh7 16. d5 cxd5 17. Nxd5 Na6 18. Rac1 b6 19. Nc7 Nxc7 20. Rxc7 Be6 21. Qb5 {1-0 (38) Kasparavicius,L (2141)-Buzas,N Marijampole 2000}) 16. Qf7 Bd7 17. Rad1 Re7 (17... Qe7 $14 18. Qxe7 Rxe7) 18. Qf8+ $16 Kh7 19. d5 (19. h4 $1 $18 {[%cal Rh4g5]} Qf6 20. Qxf6 gxf6 21. d5) 19... Re8 20. Qd6 $36 {[%mdl 2048] White has strong initiative.} h5 (20... Rd8 $142) 21. Qc7 cxd5 $2 (21... Bc8 $16 22. Nge2 Na6) 22. Rxd5 $18 Be6 23. Rb5 (23. Qxb7 $142 Nd7 24. Rxd7) 23... h4 {[#]} (23... a6 $142 24. Rxb7 Nd7) 24. Ngxe4 $1 {[%cal Bg3e4,Be4d6,Bd6e8][%mdl 608] Pin} Qg6 (24... fxe4 25. Rxg5) 25. Nd6 {[%mdl 64] Double Attack} (25. Qxb7 $6 fxe4 26. Qxa8 Bh3 $16) 25... Rf8 26. Qe7 Rf6 (26... h3 $142 27. g3 (27. Qxb7 Bd7 $16) 27... Nd7 28. Rxb7 Ne5) 27. Ne8 ({Don't take} 27. Qxb7 Bd7 $18) 27... Rf8 $2 (27... Rf7 28. Qxh4+ Qh6 29. Qxh6+ Kxh6) 28. Qxf8 {[#] Black must now prevent Rb4.} Nd7 29. Qe7 {Accuracy: White = 28%, Black = 17%.} 1-0

[Event "CAT-chT Honor Division 2019"]
[Site "Catalonia"]
[Date "2019.01.19"]
[Round "1"]
[White "Hapala, Elisabeth"]
[Black "Chueca Forcen, Alberto"]
[Result "1-0"]
[WhiteElo "2136"]
[BlackElo "2270"]
[Annotator "TA"]
[PlyCount "109"]
[EventDate "2019.01.16"]
[EventType "team-tourn"]
[EventCountry "ESP"]
[SourceTitle "playchess.com"]
[Source "ChessBase"]
[SourceQuality "1"]

{[%evp 19,109,-2,10,-16,-8,-8,-6,-8,-5,-17,-6,-7,11,9,12,-21,-16,-50,-17,-16,-10,-13,15,-36,24,31,191,251,354,130,422,144,636,181,313,211,247,239,314,317,377,377,367,363,350,363,391,387,666,666,654,658,650,639,636,616,747,747,747,746,711,709,913,908,2116,2195,29958,29959,29957,29953,29946,1553,29961,29955,29951,0,29940,29957,29955,29959,29956,29968,29978,29972,29977,29979,29983,29984,29985,29986,29990,29990]} 1. e4 e5 2. Nf3 Nc6 3. Bb5 Nf6 {[%cal Bg8f6,Bf6d7,Bd7f8,Bf8g6,Bg6f4][%mdl 32]} 4. d3 Bc5 5. Bxc6 dxc6 6. Nbd2 {C65: Ruy Lopez: Berlin Defence (3...Nf6), unusual lines and 4 0-0 Bc5} O-O 7. Nc4 Nd7 8. O-O Re8 9. Bd2 f6 10. Nh4 Nf8 {LiveBook: 3 Games} 11. Kh1 $146 ({Predecessor:} 11. Ne3 Ne6 12. Kh1 b6 13. g3 Bxe3 14. Bxe3 {½-½ (30) Kokarev,D (2608)-Kryvoruchko,Y (2711) Linares 2018}) 11... Be6 12. Ne3 Ng6 13. Nhf5 Qd7 14. Qh5 Nf4 15. Qf3 Kh8 16. g3 Ng6 17. Qh5 Ne7 18. g4 g6 19. Qh4 Ng8 20. Rg1 Bf8 21. Rg3 ({Better is} 21. Bc3 $11) 21... Qf7 ({Black should try} 21... a5 $15) 22. Rag1 $11 Bd7 $2 (22... Bc5 $14) 23. g5 $1 $18 {[%cal Rg5f6]} fxg5 (23... Bd6 {was necessary.} 24. Nxd6 cxd6) 24. Qxg5 $2 (24. Rxg5 $18 {and the rest is easy.} Re6 25. Bc3) 24... Qf6 $2 {[%mdl 8192] [#]} (24... Bd6 $16) 25. Bc3 $2 (25. Qh5 $1 $18 {[%cal Rg3g6][%mdl 512] And now Rxg6 would win.} Ne7 (25... gxh5 26. Rxg8#) 26. Nxe7 $1 {[%mdl 512]} Rxe7 27. Rxg6 Qxg6 28. Rxg6) 25... b5 $2 {[%mdl 8192] [#]} (25... Qxg5 $16 26. Rxg5 Nh6) 26. f4 $2 (26. Qh5 $3 {[%cal Rg3g6][%mdl 512] Strongly threatening Rxg6.} Bxf5 {[#]} (26... gxh5 27. Rxg8#) 27. Nxf5 $1 {[%mdl 512]}) 26... Bxf5 (26... Qxg5 {was worth a try.} 27. Rxg5 Nh6) 27. Nxf5 ({Don't take} 27. exf5 $6 Qxg5 28. Rxg5 Bh6 $18) 27... Qxg5 28. Rxg5 Bc5 29. R1g3 ({Stronger than} 29. Bxe5+ Rxe5 30. fxe5 Bxg1 $14) 29... b4 30. Bxe5+ Rxe5 31. fxe5 gxf5 32. exf5 Rf8 33. f6 h6 $2 (33... Bd4 34. b3 c5) 34. Rg7 Bd4 35. R3g6 {Threatening mate with Rxg8+!} Nxf6 36. exf6 Bxf6 37. Rxc7 Bxb2 38. Rxh6+ {[%mdl 4096] Endgame KRR-KRB} Kg8 39. Rg6+ Kh8 40. Rgxc6 b3 41. axb3 Rf2 42. Rxa7 {White threatens Rc8+ and mate.} Bg7 43. Rc8+ Kh7 44. Rcc7 Kh8 45. h3 (45. b4 $142 Bf8 46. Ra8 Kg8 47. b5 Rf1+ 48. Kg2 Rf6 49. c4 Rg6+ 50. Kf3 Rf6+ 51. Kg2) 45... Re2 46. Ra8+ Kh7 47. Raa7 Kh8 $1 48. b4 {White mates.} Re3 49. Kg2 Re2+ 50. Kf3 Rh2 51. Kg4 Rg2+ 52. Kh5 Rg3 53. h4 Rg2 54. b5 Bf8 55. Ra8 {Accuracy: White = 45%, Black = 15%.} 1-0

[Event "CAT-chT Honor Division 2019"]
[Site "Catalonia"]
[Date "2019.01.19"]
[Round "1"]
[White "Varela La Madrid, Tilsia Carolina"]
[Black "Plachkinova, Tatjana"]
[Result "1-0"]
[WhiteElo "2086"]
[BlackElo "2059"]
[Annotator "NA RC"]
[PlyCount "72"]
[EventDate "2019.01.16"]
[EventType "team-tourn"]
[EventCountry "ESP"]
[SourceTitle "playchess.com"]
[Source "ChessBase"]
[SourceQuality "1"]
[TimeControl "5400+30"]

1. e4 c5 2. c3 Nf6 3. e5 Nd5 4. d4 cxd4 5. Nf3 Nc6 6. cxd4 d6 7. Bc4 e6 8. O-O Nb6 9. Bd3 Be7 10. a3 O-O 11. Nc3 f6 12. exf6 Bxf6 13. Bc2 d5 14. Re1 Nc4 15. Qd3 g6 16. b3 Nd6 17. Bb2 Nf5 18. Ne2 Qd6 19. Ng3 Nxg3 20. hxg3 Bd7 21. b4 a6 22. Rad1 Rac8 23. Bb3 Ne7 24. Bc1 Bb5 25. Qe3 Nf5 26. Qxe6+ Qxe6 27. Rxe6 Nxd4 28. Nxd4 Bxd4 29. Bxd5 Bxf2+ 30. Kh2 Rf5 31. Rxg6+ Kf8 32. Rg8+ Ke7 33. Bg5+ Rxg5 34. Rxg5 Kf6 35. Rg8 Rc3 36. Rf8+ Ke5 1-0

[Event "CAT-chT Honor Division 2019"]
[Site "Catalonia"]
[Date "2019.01.19"]
[Round "1"]
[White "Saldana Caballe, Enric"]
[Black "Garcia Marin, Guillem"]
[Result "1-0"]
[WhiteElo "2069"]
[BlackElo "2067"]
[Annotator "NA RC"]
[PlyCount "139"]
[EventDate "2019.01.16"]
[EventType "team-tourn"]
[EventCountry "ESP"]
[SourceTitle "playchess.com"]
[Source "ChessBase"]
[SourceQuality "1"]
[TimeControl "5400+30"]

1. e4 e5 2. Nf3 Nf6 3. Nxe5 d6 4. Nf3 Nxe4 5. Nc3 Nxc3 6. dxc3 Be7 7. Bf4 Nd7 8. Qd2 O-O 9. O-O-O Nc5 10. Be2 {C42: Petroff Defence: 3 Nxe5 and unusual White 3rd moves} (10. Be3 Re8 11. Bc4 Be6 12. Bxe6 Nxe6 13. h4 Qd7 14. Qd3 Qc6 15. Qf5 Qc4 16. Ng5 Bxg5 17. hxg5 Nf8 {½-½ (27) Salgado Lopez,I (2651)-Ipatov,A (2657) Izmir 2016}) 10... c6 $146 ({Predecessor:} 10... Re8 11. Rhe1 Bf6 12. Bc4 Be6 13. Bxe6 Rxe6 14. Be3 Ne4 15. Qd3 Qd7 16. g4 Rae8 17. Rg1 Qa4 {1-0 (31) Hague,B (2336)-Dive,R (2318) Hamilton 2016}) 11. Bxd6 Bxd6 12. Qxd6 Qxd6 13. Rxd6 Ne4 14. Rd4 Nxf2 15. Rf1 Ng4 16. Ng5 Ne3 17. Rf3 Nd5 18. Bc4 Be6 19. Bd3 h6 20. Nxe6 fxe6 21. Be4 Rxf3 22. Bxf3 Nf6 23. Rb4 b6 24. Bxc6 Rd8 25. Rd4 Rf8 26. a4 Kf7 27. a5 Ke7 28. axb6 axb6 29. Bf3 e5 30. Rb4 Nd7 31. Kd2 Rf6 32. Rb5 g6 33. Ke3 h5 34. g4 Kd6 35. h3 h4 (35... hxg4 $142 36. Bxg4 Rf4) 36. b3 Kc7 37. Rd5 g5 38. Be4 Rd6 39. Rxd6 Kxd6 40. b4 Nf6 41. Kd3 Ke6 42. Bf5+ Kd6 43. Be4 Ke6 44. Bh1 Kd6 45. c4 Nd7 46. Ke4 Ke6 47. Kd3 Kd6 48. Be4 Nf6 49. Bf5 Kc6 50. Kc3 Kd6 51. Kd3 Kc6 52. c3 Kd6 53. Be4 Nd7 54. Bf3 Nf6 55. c5+ bxc5 56. b5 Nd7 57. Bc6 Nb6 58. Ke4 Ke6 59. c4 Kf6 60. Bd5 Na4 61. Bc6 Nb6 62. Bd5 Na4 63. Bg8 Nb6 64. Kd3 Kg7 65. Be6 Kf6 66. Bf5 Na4 $11 67. Ke3 Nb6 68. Ke4 Nxc4 69. Kd5 Nb6+ 70. Kxc5 1-0